000 00976nam a2200277 a 4500
001 BRCA_224
005 20190320202925.0
008 780629r1976 mx-a---###---#000-0#spa-#
040 _aDLC
_cDLC
_dDLC
041 _aspaeng
050 4 _aF1211.E3
_b.E34 1976
100 1 _aEgerton, Daniel Thomas
_d1797-1842
_9767
245 1 0 _aEgerton en México
_b1830-1842
_cD. J. Egerton ; prólogo de Martin Kiek.
260 _aMéxico
_bCartón y Papel de México
_c1976
300 _a77 p.
_bil. a color
_c46 cm.
500 _aReproducción de la edición del autor con sus textos originales y otras obras aisladas
546 _aTexto en : español e inglés
600 1 4 _aEgerton, Daniel Thomas
_d1797-1842
_9767
650 1 4 _aViajeros
_ySiglo XIX
_9768
651 4 _aMéxico
_xDescripción y viajes
_9103
651 4 _aMéxico
_xVida social y costumbres
_9769
653 0 _aVida cotidiana
653 0 _aViajeros extranjeros en México
700 1 _aKiek, Martin
_9770
942 _2lcc
_cB
999 _c182
_d182